| 000 | 00458nam a2200157Ia 4500 | ||
|---|---|---|---|
| 999 |
_c22441 _d22441 |
||
| 003 | OSt | ||
| 005 | 20200611120828.0 | ||
| 008 | 190216s9999||||xx |||||||||||||| ||und|| | ||
| 040 | _coclc | ||
| 082 |
_a336.5 _bSID/P |
||
| 100 |
_aSiddiqi, S A _92438 |
||
| 245 | 0 |
_aPublic Finance In Islam / _cS A Siddiqi |
|
| 260 |
_bAdam Publishers&Distributors, _c1992. _aNew Delhi: |
||
| 300 | _a242p | ||
| 942 |
_cBK _2ddc _h336.5 _iSID/P _k336.5 _mSID/P |
||